000 00380cam a2200133ua 4500
020 _a8174090991
082 _a670.
_bJAI/PR
100 _aJain, R.K,
_91348
245 _aProduction Ttechnology
250 _a17 th
260 _aDelhi
_bKhanna Publishers
_c2010
300 _a1090.
942 _cBK
999 _c13608
_d13608